Purification of laboratory chemicals

Gespeichert in:
Bibliographische Detailangaben
1. Verfasser: Armarego, Wilfred L. F (VerfasserIn)
Format: Buch
Sprache:Englisch
Veröffentlicht: Amsterdam Butterworth-Heinemann 2003
Ausgabe:5a. ed
Schlagworte:
Tags: Tag hinzufügen
Keine Tags, Fügen Sie den ersten Tag hinzu!

MARC

LEADER 00000nam a2200000 a 4500
001 UCK2660
003 CL-VaPUC
008 050311e20030000NE |||||||||||||||||eng|d
020 |a 0750675713 
082 0 4 |a 542.1  |b ARM  |2 21 
100 0 |a Armarego, Wilfred L. F  |e author  |9 490538 
245 1 0 |a Purification of laboratory chemicals 
250 |a 5a. ed 
300 |a 609 p 
942 |c BK 
945 |d 20050311 00:00:00  |a cmena 
260 |a Amsterdam  |b Butterworth-Heinemann  |c 2003 
650 7 |a LABORATORIOS  |2 CL-VaPUC  |9 264068 
650 0 |a Productos químicos  |9 326289 
650 7 |a PURIFICACION  |2 CL-VaPUC  |9 262791 
583 |a last modification  |c 20050311 00:00:00  |k Rodrigo Vera 
999 |c 312095  |d 312093 
952 |0 0  |1 0  |4 0  |6 542_100000000000000_ARM_2003  |7 0  |8 A  |9 381957  |a BIBING  |b BIBING  |d 2019-11-21  |i 409719K  |o 542.1 ARM 2003  |p 409719K  |r 2025-01-20  |w 2019-11-21  |y BK  |k EIQ